| 000 | 01721cam a22004814i 4500 | ||
|---|---|---|---|
| 003 | PE-LiUPU | ||
| 005 | 20250731173524.0 | ||
| 008 | 150616s r 000 0 d | ||
| 020 | _a0853643806 | ||
| 035 | _a(Sirsi) i9780853643807 | ||
| 040 |
_aPE-LiUPU _bspa _cPE-LiUPU _erda |
||
| 049 | _aPRUA | ||
| 082 | 0 | 4 |
_a220.601 _bC26 _221 |
| 245 | 0 | 0 |
_aBiblical Interpretation and The Church : _btext and context / _ceditado por D.A. Carson. |
| 264 | 1 |
_aMichigan : _bBaker Book House, _c1993. |
|
| 300 |
_a240 páginas ; _c23 centímetros |
||
| 336 |
_atext _2rdacontent |
||
| 337 |
_aunmediated _2rdamedia |
||
| 338 |
_avolume _2rdacarrier |
||
| 504 | _aBibliografía al final de cada capáginas | ||
| 505 | 0 | _aA sketch of the factors determinig current hermeneutical debate in cross-cultural contexts.- The Church and the kingdom of God: some hermeneutical issues.- The Church in the gospel of Matthew. | |
| 526 | _aSEG42 | ||
| 526 | _aSEG41 | ||
| 526 | _aSEG40 | ||
| 526 | _aSEG39 | ||
| 526 | _aP94 | ||
| 526 | _aP87 | ||
| 526 | _aP86 | ||
| 526 | _aP85 | ||
| 526 | _aP77 | ||
| 526 | _aP76 | ||
| 526 | _aP35 | ||
| 650 | 0 | 4 | _aHermenéutica bíblica. |
| 650 | 0 | 4 | _aIglesia. |
| 700 | 1 |
_aCarson, D. A., _eeditor. |
|
| 910 |
_ajck _bjvq _cjck |
||
| 942 |
_2ddc _cBOOK |
||
| 949 |
_a220.601 C26 _wDEWEY _c1 _i42157 _lCCODEBUL1 _mBUL _r0 _sY _tBOOK _u2015-6-16 _xTEOLOGIA _zUNKNOWN _0COMPRA _o.STAFF. Colección General |
||
| 994 |
_aC0 _bPEPRU |
||
| 596 | _a1 | ||
| 999 |
_a220.601 C26 _wDEWEY _c59848 _i42157 _f2021-11-9 _g5 _lCCODEBUL1 _mBUL _r0 _sY _tBOOK _u2015-6-16 _xTEOLOGIA _zUNKNOWN _0COMPRA _o.STAFF. Colección General _d59848 |
||
| 980 |
_81 _gALBERTO SANCHEZ Responsable de Automatización |
||